| 000 | 00756nam a2200241 a 4500 | ||
|---|---|---|---|
| 001 | BRCA_4559 | ||
| 005 | 20190320204721.0 | ||
| 008 | 980903s1997 sp-a#####b---#000-0#spa-# | ||
| 020 | _a8488333196 | ||
| 041 | _aspa | ||
| 044 | _asp | ||
| 050 | 4 |
_aPQ6279 _b.B37 1997 |
|
| 100 | 1 |
_aBarahona, Francisco _911545 |
|
| 245 | 1 | 0 |
_aFlor de caballerías _cFrancisco Barahona ; edición de José Manuel Lucía Megías. |
| 260 |
_aAlcalá de Henares [España] _bCentro de Estudios Cervantinos _c1997 |
||
| 300 |
_axl, 282 p. _bil. _c24 cm. |
||
| 440 | 0 |
_aLos libros de Rocinante _v2 _911546 |
|
| 504 | _aBibliografía: p. xl | ||
| 650 | 1 | 4 |
_aLiteratura _zEspaña _911547 |
| 700 | 1 |
_aLucía Megías, José Manuel _eEditor _99831 |
|
| 902 | _aCERV | ||
| 942 |
_2lcc _cB |
||
| 999 |
_c4264 _d4264 |
||